000 00455nam a2200193Ia 4500
003 OSt
005 20230531105204.0
008 210423s1991 xx 000 0 und d
040 _cAL
041 _aeng
082 _a923.1
_223
_b DODG
100 _aDODER (Dusko);BRANSON (Louise)
_9117622
245 _aGorbachev
260 _aLondon
_bFuture
_c1991
300 _av,459
_bPB
650 _aBiography
_9117623
906 _aGorbachev
942 _2ddc
_cBK
999 _c174595
_d174595